Krause's food & nutrition therapy / (Record no. 15529)
[ view plain ]
| 000 -LEADER | |
|---|---|
| fixed length control field | 01248cam a22003854a 4500 |
| 001 - CONTROL NUMBER | |
| control field | 15131760 |
| 003 - CONTROL NUMBER IDENTIFIER | |
| control field | OSt |
| 005 - DATE AND TIME OF LATEST TRANSACTION | |
| control field | 20140311161018.0 |
| 008 - FIXED-LENGTH DATA ELEMENTS--GENERAL INFORMATION | |
| fixed length control field | 080108s2008 paua b 001 0 eng |
| 010 ## - LIBRARY OF CONGRESS CONTROL NUMBER | |
| LC control number | 2008270160 |
| 020 ## - INTERNATIONAL STANDARD BOOK NUMBER | |
| International Standard Book Number | 9812591001 |
| 040 ## - CATALOGING SOURCE | |
| Original cataloging agency | DLC |
| Transcribing agency | DLC |
| Modifying agency | DLC |
| 042 ## - AUTHENTICATION CODE | |
| Authentication code | pcc |
| 050 00 - LIBRARY OF CONGRESS CALL NUMBER | |
| Classification number | RM 216 |
| Item number | .K868 2004 |
| 245 00 - TITLE STATEMENT | |
| Title | Krause's food & nutrition therapy / |
| Statement of responsibility, etc | [edited by] L. Kathleen Mahan, Sylvia Escott-Stump. |
| 246 30 - VARYING FORM OF TITLE | |
| Title proper/short title | Food & nutrition therapy |
| 246 3# - VARYING FORM OF TITLE | |
| Title proper/short title | Food and nutrition therapy |
| 250 ## - EDITION STATEMENT | |
| Edition statement | 11th ed. |
| 260 ## - PUBLICATION, DISTRIBUTION, ETC. (IMPRINT) | |
| Place of publication, distribution, etc | St. Louis, Mo. : |
| Name of publisher, distributor, etc | Saunders/Elsevier, |
| Date of publication, distribution, etc | 2004. |
| 300 ## - PHYSICAL DESCRIPTION | |
| Extent | xxiv, 1352 p. : |
| Other physical details | ill. (some col.) ; |
| Dimensions | 29 cm. |
| 500 ## - GENERAL NOTE | |
| General note | Originally published: Krause's food, nutrition & diet therapy. Philadelphia, Pa. : W.B. Saunders, 2003. |
| 521 ## - TARGET AUDIENCE NOTE | |
| Target audience note | |
| 650 #0 - SUBJECT ADDED ENTRY--TOPICAL TERM | |
| Topical term or geographic name as entry element | Diet therapy. |
| 650 #0 - SUBJECT ADDED ENTRY--TOPICAL TERM | |
| Topical term or geographic name as entry element | Nutrition. |
| 650 #0 - SUBJECT ADDED ENTRY--TOPICAL TERM | |
| Topical term or geographic name as entry element | Food. |
| 700 1# - ADDED ENTRY--PERSONAL NAME | |
| Personal name | Mahan, L. Kathleen. |
| 700 1# - ADDED ENTRY--PERSONAL NAME | |
| Personal name | Escott-Stump, Sylvia. |
| 730 0# - ADDED ENTRY--UNIFORM TITLE | |
| Uniform title | Krause's food, nutrition & diet therapy. |
| 906 ## - LOCAL DATA ELEMENT F, LDF (RLIN) | |
| a | 7 |
| b | cbc |
| c | origcop |
| d | 2 |
| e | ncip |
| f | 20 |
| g | y-gencatlg |
| 942 ## - ADDED ENTRY ELEMENTS (KOHA) | |
| Source of classification or shelving scheme | Library of Congress Classification |
| Koha item type | Books |
| Call number prefix | Foreign |
| Withdrawn status | Lost status | Source of classification or shelving scheme | Damaged status | Home library | Current library | Shelving location | Date acquired | Total Checkouts | Full call number | Barcode | Date last seen | Copy number | Price effective from | Koha item type |
|---|---|---|---|---|---|---|---|---|---|---|---|---|---|---|
| Library of Congress Classification | College Library | College Library | General Circulation Section | 12/18/2013 | RM 216 .K868 2004 | C9681 | 05/15/2018 | 2 | 12/18/2013 | Books | ||||
| Library of Congress Classification | College Library | College Library | General Circulation Section | 12/18/2013 | RM 216 .K868 2004 | C9696 | 05/15/2018 | 3 | 12/18/2013 | Books |